Normal view
MARC view
Entry Personal Name
001 - CONTROL NUMBER
- control field: 862621
003 - CONTROL NUMBER IDENTIFIER
- control field: OSt
005 - DATE AND TIME OF LATEST TRANSACTION
- control field: 20260107141351.0
008 - FIXED-LENGTH DATA ELEMENTS
- fixed length control field: 260107|| aca||aabn | a|a d
040 ## - CATALOGING SOURCE
- Original cataloging agency: OSt
- Transcribing agency: OSt
100 ## - HEADING--PERSONAL NAME
- Personal name: राहुल सांकृत्ययां
670 ## - SOURCE DATA FOUND
- Source citation: Work cat.: (OSt)1467128: राहुल सांकृत्ययां , पालि साहित्य का इतिहास , 1991.
